Svenska ministrar 2018-2022 - Statistics

General Stats
  • This quiz has been taken 29 times
    22 since last reset
  • The average score is 6 of 23
Answer Stats
Befattning Parti Namn % Correct
Statsminister S Stefan Löfven
100%
Finansminister S Magdalena Andersson
56%
Miljö- och klimat­minister samt vice stats­minister MP Isabella Lövin
50%
Justitie- och migrationsminister S Morgan Johansson
50%
Kultur- och demokrati­minister samt ­minister med ansvar för idrottsfrågorna MP Amanda Lind
38%
Utrikesminister S Ann Linde
38%
Socialminister S Lena Hallengren
38%
Finansmarknads- och bostadsminister, biträdande finansminister MP Per Bolund
38%
Näringsminister S Ibrahim Baylan
31%
Utbildningsminister S Anna Ekström
25%
Inrikesminister S Mikael Damberg
25%
Försvarsminister S Peter Hultqvist
25%
Socialförsäkringsminister S Ardalan Shekarabi
19%
EU-minister S Hans Dahlgren
19%
Infrastrukturminister S Tomas Eneroth
19%
Energi- och digitaliseringsminister S Anders Ygeman
13%
Utrikeshandels­minister och ­minister med ansvar för nordiska frågor S Anna Hallberg
13%
Jämställdhets­minister samt ­minister med ansvar för arbetet mot diskriminering och segregation MP Åsa Lindhagen
13%
Civilminister S Lena Micko
13%
Arbetsmarknadsminister S Eva Nordmark
6%
Landsbygdsminister S Jennie Nilsson
6%
Minister för högre utbildning och forskning S Matilda Ernkrans
6%
Minister för internationellt utvecklingssamarbete MP Peter Eriksson
6%
No matching quizzes found
Score Distribution
Percent of People with Each Score
Percentile by Number Answered
Your Score History
You have not taken this quiz since the last reset